| 000 | 01123nam0a22002891 4500 | ||
|---|---|---|---|
| 001 | rc\2588837 | ||
| 005 | 20260406002144.0 | ||
| 035 | _a(NLR Aleph) 006753176 | ||
| 090 |
_a5766060 _c5766060 |
||
| 100 | _a20110914d1929 |||y0rusy50 ca | ||
| 101 | 1 |
_arus _cheb |
|
| 102 | _aRU | ||
| 105 | _ay z |||a| | ||
| 200 | 1 |
_aИосэлэ Соловей _dIosele Solowey _eРоман _fШолом-Алейхем. Scholom-Aleichem _gАвторизованный пер. с еврейск. Я. Слонима _gПод ред. Д. Гликмана |
|
| 210 |
_aМосква _cПучина _d[1929] _eТверь _gгостип. им. К. Маркса |
||
| 215 |
_a317 с., [3] с. объявл. _d18х13 см. |
||
| 300 | _aОбложка: В. Щеглов | ||
| 510 | 0 | _aIosele Solowey | |
| 700 | 0 |
_aШолом-Алейхем _f1859-1916 |
|
| 702 | 1 |
_aСлоним _bЯ. _4730 |
|
| 702 | 1 |
_4340 _8rus _7ca _aГликман _bД. И. _f1874-1936 _gДавид Иосифович _3RU\NLR\AUTH\77111698 _994623 |
|
| 801 | 0 |
_aRU _bNLR _gpsbo |
|
| 801 | 1 |
_aRU _bELAR _2rusmarc |
|
| 852 |
_aNLR _j74/169 |
||
| 942 | _cBOOK | ||
| 980 | _aNB | ||